Angličtina vo výpočtovej technike
Gespeichert in:
| 1. Verfasser: | |
|---|---|
| Weitere Verfasser: | |
| Format: | Buch |
| Sprache: | Slowakisch |
| Veröffentlicht: |
Bratislava
Alfa
1989
|
| Ausgabe: | 2. oprav. vyd. |
| Schriftenreihe: | Edícia cudzojazyčných technických príručiek
|
| Tags: |
Keine Tags, Fügen Sie das erste Tag hinzu!
|
MARC
| LEADER | 00000nam a2200000 4500 | ||
|---|---|---|---|
| 001 | c037104 | ||
| 005 | 20221215070302.7 | ||
| 041 | 0 | |a slo | |
| 044 | |a SK | ||
| 245 | 1 | 0 | |a Angličtina vo výpočtovej technike |c Mária Urbanová, Miloslava Orálková |
| 250 | |a 2. oprav. vyd. | ||
| 264 | 1 | |a Bratislava |b Alfa |c 1989 | |
| 300 | |a 372 s. | ||
| 490 | 1 | |a Edícia cudzojazyčných technických príručiek | |
| 830 | 0 | |a Edícia cudzojazyčných technických príručiek | |
| 100 | 1 | |a Urbanová, Mária | |
| 700 | 1 | |a Orálková, Miloslava | |